000 02545nam0a2200457 4500
001 RU\NLR\bibl\796686
005 20260409074454.0
010 _a5-85897-256-X
_9100
021 _aRU
_b2005-536
_927
035 _a(NLR Aleph) 000785886
035 _aRSL-KNO-002562995
090 _a1091226
_c1091226
100 _a20050131d2004 u y0rusy50 ca
101 0 _arus
102 _aRU
105 _aa |||||||||
106 _ar
200 1 _aСборник задач по программированию
_fБрик И.М., Гаврилова Л.В., Ерохин В.И., Позднова Е.А.
_gФедер. агентство по образованию Рос. Федерации, ГОУ ВПО "Борисоглеб. гос. пед. ин-т"
205 _aИзд. 2-е, испр. и доп.
210 _aБорисоглебск
_cБорисоглеб. гос. пед. ин-т
_d2004
_gООО Кристина и К
215 _a108 с.
_cил.
_d20
300 _aЗагл. обл.: Задачи по программированию
320 _aБиблиогр.: с. 104 (20 назв.)
512 1 _aЗадачи по программированию
606 _aПрограммирование (компьют.)
_jРуководства, пособия и т.п. для высшей школы
_xЗадачи
_xРешение
_92152009
_3RU\NLR\auth\661295888
606 _aПрограммирование (компьют.)
_jУчебные издания для высших учебных заведений
_xЗадачи
_xРешение
_92152009
_3RU\NLR\auth\661295888
610 0 _aВычислительная техника -- Вычислительные машины электронные цифровые -- Персональные компьютеры -- Программирование -- Задачник для высшей школы
686 _aЗ973.26-018я73-4
_2rubbk
686 _aЗ973.2-018я73-1
701 1 _4070
_7ca
_8rus
_aБрик
_bИ. М.
_gИлья Моисеевич
_957515
_3RU\NLR\auth\7774587
701 1 _4070
_7ca
_8rus
_aГаврилова
_bЛ. В.
_cпрограммист
_912083
_3RU\NLR\AUTH\7729054
701 1 _aЕрохин
_bВ. И.
_4070
701 1 _aПозднова
_bЕ. А.
_gЕлена Александровна
_4070
801 0 _aRU
_bRuMoRKP
_c20050131
_grcr
801 1 _aRU
_bRuMoRGB
_c20050131
801 2 _aRU
_bNLR
_c20050507
_gPSBO
830 _a4-й авт. по ГАК 1,2,3-й не раскрыть
942 _cBOOK
980 _aNB
980 _aNBR